| 000 | 01192nam a2200325 a 4500 | ||
|---|---|---|---|
| 001 | 000002301 | ||
| 003 | DO-SdBNP | ||
| 005 | 20230705102526.0 | ||
| 008 | 090701s1985 dr r 000 0 spa d | ||
| 020 | _a9789945503500 | ||
| 040 |
_aDO-SdBNP _bspa _cBPMSU |
||
| 082 |
_a028.9 _bH519i 2019 _222 |
||
| 100 | 1 |
_aHenríquez Ureña, Camila, _d1894-1973 |
|
| 245 | 1 | 0 |
_aInvitación a la lectura : _bnotas sobre apreciación literaria / _cCamila Henríquez Ureña ; prólogo Federico Henríquez y Gratereaux |
| 246 | 1 | 4 | _aInvitación a la lectura |
| 260 |
_aSanto Domingo : _bEditora Nacional, _c2019 |
||
| 300 |
_a211 p. ; _c19 cm. |
||
| 490 | 0 |
_aBiblioteca dominicana básica, _v18 |
|
| 500 | _aIncluye datos biográficos de la autora en la contracubierta | ||
| 500 | _aIncluye cronología de Camila Henríquez Ureña. | ||
| 590 | _aInventariado, 2023/VM | ||
| 650 | 4 | _aPromoción de la lectura | |
| 650 | 4 | _aLibros y lectura | |
| 650 | 4 | _aComprensión de lectura | |
| 650 | 4 | _aCrítica literaria | |
| 700 | 1 |
_a Henríquez y Gratereaux, Federico _epról. |
|
| 710 | 2 | _aMinisterio de Cultura (República Dominicana) | |
| 910 | _aVMateo V.Control de calidad (BPMSU) | ||
| 942 |
_cBK _2ddc |
||
| 999 |
_c14399 _d14399 |
||